Statystyki dla Państwa w dyni na mapie świata!

Kliknij tutaj aby rozwiązać quiz!

Ogólne statystyki

  • Ten quiz został rozwiązany 10 310 razy
  • Średni wynik to 33 z 40

Odpowiedzi na mapie

Odpowiedzi skodowane kolorowo w zielono-czerwonej skali na mapie do tego quizu, zgodnie z poniższymi procentami.
 

Statystyki odpowiedzi

Państwo% Poprawnych
Egipt
97%
Arabia Saudyjska
96%
Indie
93%
Oman
93%
Iran
92%
Jemen
92%
Demokratyczna Republika Konga
91%
Irak
91%
Turcja
91%
Zjednoczone Emiraty Arabskie
91%
Katar
90%
Sudan
90%
Cypr
88%
Etiopia
88%
Libia
88%
Niger
88%
Somalia
88%
Kongo
87%
Pakistan
87%
Czad
86%
Nigeria
86%
Sudan Południowy
86%
Afganistan
84%
Kenia
84%
Kuwejt
82%
Erytrea
78%
Republika Środkowoafrykańska
77%
Tanzania
77%
Bahrajn
76%
Uganda
74%
Kamerun
73%
Angola
71%
Rwanda
71%
Gwinea Równikowa
70%
Zambia
70%
Gabon
68%
Malediwy
67%
Seszele
67%
Burundi
63%
Wyspy Świętego Tomasza i Książeca
63%

Rozkład punktacji

Percentyl według liczby udzielonych odpowiedzi

Procent ludzi z każdym wynikiem

Twoja historia wyników

Nie rozwiązałeś tego quizu